| 000 | 00609nam a22001937a 4500 | ||
|---|---|---|---|
| 003 | 0 | ||
| 005 | 20250905125523.0 | ||
| 008 | 250905b xxu||||| |||| 00| 0 eng d | ||
| 020 | _a979-8-89161-558-8 | ||
| 050 |
_aJS 78 _b.J46 2025 |
||
| 100 |
_aJenkins, Clifford, _eauthor. |
||
| 245 |
_aLocal government and administration / _cClifford Jenkins. |
||
| 260 |
_aJersey City, USA : _bAlexis Press, _c2025. |
||
| 300 |
_ax, 331 pages : _billustrations ; _c27 cm. |
||
| 504 | _aIncludes bibliographical references and index. | ||
| 650 | _aLocal government. | ||
| 650 | _aMunicipal government. | ||
| 942 |
_2lcc _cBK |
||
| 999 |
_c367779 _d367779 |
||